| 000 | 00829nam a2200241 a 4500 | ||
|---|---|---|---|
| 001 | 49979 | ||
| 003 | BD-RjUL | ||
| 005 | 20211209075435.0 | ||
| 008 | 160823s1987 ii a|||| |||| 00| 0 ben d | ||
| 020 | _c: Tk. 25.00 | ||
| 035 | _a(BD-RjUL) 50099 | ||
| 040 |
_aBD-RjUL _bben _cBD-RjUL |
||
| 041 | _aben | ||
| 082 |
_223 _a573.3 _bPAB 1987 |
||
| 100 | 1 |
_aপাত্র, সুধাংশু _9149782 |
|
| 245 | 1 | 0 |
_aবিশ্ব পরিবেশ ও মানুষ / _cসুধাংশু পাত্র |
| 250 | _a২য় সং. | ||
| 260 |
_aকলকাতা : _bদে'জ পাবলিশিং, _c১৯৮৭ |
||
| 300 |
_a১৪১ পৃ. : _bচিত্র ; _c২১ সেমি. |
||
| 650 |
_aপাচনতন্ত্র _9149783 |
||
| 650 |
_aDigestive system _9149784 |
||
| 942 |
_2ddc _cBK |
||
| 999 |
_c49979 _d49979 |
||